00284nam a2200109Ia 4500008004100000041001200041100001500053245005600068260003400124300000800158650000800166221030s9999 xx 000 0 und d aEnglish aS. L. Puri 0aLegislative Elite in an Indian Statecby S. L. Puri bAbhinav Pub.aNew Delhic1978 a281 aLaw